000
00380nam a22001577a 4500
003
MPLRDC
005
20220104124212.0
008
210129b ||||| |||| 00| 0 eng d
082
_a
805.17 ZFR
100
_a
张丰荣译
245
_a
活用英文书信
_c
260
_a
_b
龙和出版有限公司
_c
1990
300
_b
平
650
_a
英语作文
942
_c
BK
_o
805.17 ZFR
999
_c
17445
_d
17435